| 000 | 01184nam a2200325 i 4500 | ||
|---|---|---|---|
| 003 | DO-SdBNP | ||
| 005 | 20240627092938.0 | ||
| 007 | ta | ||
| 008 | 240627b1973 mx a || 001 0 spa d | ||
| 020 | _a9681610296 | ||
| 040 |
_aDO-SdBNP _bspa _cBNPHU _erda |
||
| 082 | 4 |
_a299.7 _bS767 _222 |
|
| 100 | 1 |
_a Spranz, Bodo _eautor _985859 |
|
| 240 | 1 | _aGöttergestalten in den mexikanischen bilderhandschriften der codex Borgia-Gruppe / | |
| 245 | 0 | 4 |
_aLos dioses en los códices mexicanos del grupo Borgia : _buna investigación iconográfica. / _cBodo Spranz ; traducción María Martínez Peñaloza |
| 264 | 1 |
_aMéxico : _bFCE, _c1973. |
|
| 264 | 3 | _c2006. | |
| 300 |
_a517 páginas : _bilustraciones _c24 cm. |
||
| 336 |
_2rdacontent _atexto _btxt |
||
| 337 |
_2rdamedia _asin mediación _bn |
||
| 338 |
_2rdacarrier _avolumen _bnc |
||
| 500 | _aLa biblioteca posee la tercera reimpresión del 2006. | ||
| 504 | _aBibliografía p: 515-517. | ||
| 590 | _aInventariado, 2024/ YL | ||
| 650 | 4 |
_aManuscritos Mexicanos _985860 |
|
| 650 | 4 |
_aCódice Borgia _vIconografía _985861 |
|
| 700 |
_aMartínez Peñaloza, María _etraducción _985747 |
||
| 910 | _aYLockward | ||
| 942 |
_2ddc _cLBS1 |
||
| 999 |
_c57030 _d57030 |
||